Fiber Optic Sensors / (Record no. 13815)
[ view plain ]
| 000 -LEADER | |
|---|---|
| fixed length control field | 01582cam a2200373 a 4500 |
| 001 - CONTROL NUMBER | |
| control field | 15104611 |
| 005 - DATE AND TIME OF LATEST TRANSACTION | |
| control field | 20090828093149.0 |
| 008 - FIXED-LENGTH DATA ELEMENTS--GENERAL INFORMATION | |
| fixed length control field | 071206s2008 flua |rb 001 0 eng |
| 010 ## - LIBRARY OF CONGRESS CONTROL NUMBER | |
| LC control number | 2007049892 |
| 015 ## - NATIONAL BIBLIOGRAPHY NUMBER | |
| National bibliography number | GBA799728 |
| Source | bnb |
| 016 7# - NATIONAL BIBLIOGRAPHIC AGENCY CONTROL NUMBER | |
| Record control number | 014464347 |
| Source | Uk |
| 020 ## - INTERNATIONAL STANDARD BOOK NUMBER | |
| International Standard Book Number | 9781420053654 (hardback : alk. paper) |
| 020 ## - INTERNATIONAL STANDARD BOOK NUMBER | |
| International Standard Book Number | 1420053655 (hardback : alk. paper) |
| 035 ## - SYSTEM CONTROL NUMBER | |
| System control number | (OCoLC)ocn183148734 |
| 035 ## - SYSTEM CONTROL NUMBER | |
| System control number | (OCoLC)183148734 |
| Canceled/invalid control number | (OCoLC)144220357 |
| 040 ## - CATALOGING SOURCE | |
| Original cataloging agency | DLC |
| Transcribing agency | DLC |
| Modifying agency | BTCTA |
| -- | BAKER |
| -- | YDXCP |
| -- | UKM |
| -- | C#P |
| -- | DLC |
| 050 00 - LIBRARY OF CONGRESS CALL NUMBER | |
| Classification number | TA1815 |
| Item number | .F527 2008 |
| 082 00 - DEWEY DECIMAL CLASSIFICATION NUMBER | |
| Classification number | 681.25 |
| Edition number | 22 |
| Item number | FIB |
| 245 00 - TITLE STATEMENT | |
| Title | Fiber Optic Sensors / |
| Statement of responsibility, etc | Edited by Shizhuo Yin, Paul B. Ruffin, Francis T.S. Yu. |
| 250 ## - EDITION STATEMENT | |
| Edition statement | 2nd ed. |
| 260 ## - PUBLICATION, DISTRIBUTION, ETC. (IMPRINT) | |
| Place of publication, distribution, etc | Boca Raton, FL : |
| Name of publisher, distributor, etc | CRC Press, 2008 |
| Date of publication, distribution, etc | c2008. |
| 300 ## - PHYSICAL DESCRIPTION | |
| Extent | xiii, 477 p. : |
| Other physical details | ill. ; |
| Dimensions | 25 cm. |
| 490 1# - Series Statement | |
| Series statement | Optical Science and Engineering ; |
| Volume/sequential designation | 132 |
| 504 ## - BIBLIOGRAPHY, ETC. NOTE | |
| Bibliography, etc | Includes bibliographical references and index. |
| 650 #0 - SUBJECT ADDED ENTRY--TOPICAL TERM | |
| Topical term or geographic name as entry element | Optical fiber detectors. |
| 9 (RLIN) | 13260 |
| 700 1# - ADDED ENTRY--PERSONAL NAME | |
| Personal name | Yin, Shizhuo, |
| Dates associated with a name | 1963- |
| 9 (RLIN) | 13261 |
| 700 1# - ADDED ENTRY--PERSONAL NAME | |
| Personal name | Ruffin, Paul B. |
| 9 (RLIN) | 13262 |
| 700 1# - ADDED ENTRY--PERSONAL NAME | |
| Personal name | Yu, Francis T. S., |
| Dates associated with a name | 1932- |
| 9 (RLIN) | 13263 |
| 830 #0 - SERIES ADDED ENTRY--UNIFORM TITLE | |
| Uniform title | Optical science and engineering (Boca Raton, Fla.) ; |
| Volume number/sequential designation | 132. |
| 9 (RLIN) | 13264 |
| 856 41 - ELECTRONIC LOCATION AND ACCESS | |
| Materials specified | Table of contents only |
| Uniform Resource Identifier | <a href="http://www.loc.gov/catdir/toc/ecip086/2007049892.html">http://www.loc.gov/catdir/toc/ecip086/2007049892.html</a> |
| 942 ## - ADDED ENTRY ELEMENTS (KOHA) | |
| Source of classification or shelving scheme | Dewey Decimal Classification |
| Item type | Book - Borrowing |
| Withdrawn status | Item status | Source of classification or shelving scheme | Damaged status | Not for loan | Vendor | Home library | Current library | Shelving location | Date acquired | Source of acquisition | Cost, normal purchase price | Serial Enumeration / chronology | Total Checkouts | Full call number | Barcode | Date last seen | Koha item type |
|---|---|---|---|---|---|---|---|---|---|---|---|---|---|---|---|---|---|
| Dewey Decimal Classification | Alahram | Central Library | Central Library | First floor | 28/03/2010 | 950.50 | 29 | 681.25 FIB | 000020533 | 15/07/2025 | Book - Borrowing |